[Event "PRO League Pacific"]
[Site "Chess.com INT"]
[Date "2017.01.11"]
[Round "1"]
[White "Durham, Dan"]
[Black "Ynojosa Aponte, Felix Jose"]
[Result "1-0"]
[WhiteElo "2229"]
[BlackElo "2399"]
[PlyCount "73"]
[EventDate "2017.01.11"]
[EventType "team-swiss (rapid)"]
[EventRounds "7"]
[EventCountry "USA"]
[SourceTitle "CBM 176 Extra"]
[Source "ChessBase"]
[SourceDate "2017.03.02"]
[SourceVersion "1"]
[SourceVersionDate "2017.03.02"]
[SourceQuality "1"]
[WhiteTeam "Las Vegas Desert Rats"]
[BlackTeam "Rio Grande Ospreys"]
[WhiteTeamCountry "USA"]
[BlackTeamCountry "USA"]

1. d4 Nf6 2. c4 e6 3. Nf3 d5 4. Nc3 c6 5. Bg5 Be7 6. e3 0-0 7. Qc2 Nbd7 8. Be2 dxc4 9. Bxc4 b5 10. Bd3 h6 11. Bh4 Bb7 12. 0-0 Rc8 13. Rfd1 a6 14. Ne5 Nxe5 15. dxe5 Nd7 16. Bxe7 Qxe7 17. f4 c5 18. Bh7+ Kh8 19. Be4 Nb6 20. Bxb7 Qxb7 21. Ne4 Nc4 22. Nd6 Nxd6 23. Rxd6 c4 24. Qd2 b4 25. Rc1 a5 26. Rd4 Qb5 27. Qe2 Rc5 28. Rdxc4 Rfc8 29. b3 Rxc4 30. Rxc4 Rxc4 31. bxc4 Qc5 32. Qd3 a4 33. Kf2 Qb6 34. Qd6 Qa5 35. c5 b3 36. axb3 Qb5 37. bxa4 1-0

[Event "North American op"]
[Site "Las Vegas"]
[Date "1992.??.??"]
[Round "?"]
[White "Durham, Dan"]
[Black "Hoyos Millan, Luis Bernardo"]
[Result "0-1"]
[WhiteElo "2245"]
[BlackElo "2215"]
[PlyCount "66"]
[EventDate "1992.12.??"]
[EventType "swiss"]
[EventRounds "9"]
[EventCountry "USA"]
[SourceTitle "EXT 1998"]
[Source "ChessBase"]
[SourceDate "1997.11.17"]
[SourceVersion "1"]
[SourceVersionDate "1997.11.17"]
[SourceQuality "1"]

1. e4 c5 2. Nf3 e6 3. d4 cxd4 4. Nxd4 Nf6 5. Bd3 Nc6 6. Nxc6 bxc6 7. 0-0 e5 8. c4 Be7 9. Nc3 d6 10. h3 Be6 11. Re1 0-0 12. b3 Re8 13. Bb2 Nd7 14. Qf3 a5 15. Rad1 Bg5 16. Bb1 Qb8 17. Ba3 Be7 18. Nd5 Bxd5 19. exd5 c5 20. Bxh7+ Kxh7 21. Qf5+ Kg8 22. Qxd7 a4 23. Rd3 Ra7 24. Qg4 axb3 25. Rxb3 Qa8 26. Ree3 Qd8 27. Rg3 Bf6 28. h4 e4 29. h5 Bd4 30. Bb2 Qf6 31. Bxd4 cxd4 32. Rb6 e3 33. fxe3 dxe3 0-1

[Event "North American op"]
[Site "Las Vegas"]
[Date "1992.??.??"]
[Round "?"]
[White "Orlov, Georgi"]
[Black "Durham, Dan"]
[Result "1-0"]
[WhiteElo "2500"]
[BlackElo "2245"]
[PlyCount "69"]
[EventDate "1992.12.??"]
[EventType "swiss"]
[EventRounds "9"]
[EventCountry "USA"]
[SourceTitle "EXT 1998"]
[Source "ChessBase"]
[SourceDate "1997.11.17"]
[SourceVersion "1"]
[SourceVersionDate "1997.11.17"]
[SourceQuality "1"]

1. d4 Nf6 2. c4 g6 3. Nc3 Bg7 4. e4 d6 5. Nf3 0-0 6. Be2 Nbd7 7. e5 dxe5 8. dxe5 Ng4 9. e6 fxe6 10. 0-0 Nh6 11. Ng5 Nc5 12. Be3 Qxd1 13. Rfxd1 Na6 14. g4 c6 15. Rd2 e5 16. h3 Nf7 17. Nxf7 Kxf7 18. Ne4 Nc7 19. Rad1 Ne6 20. c5 Kg8 21. Bc4 Kh8 22. Ng5 Nd4 23. Nf7+ Rxf7 24. Bxf7 Bd7 25. Kg2 Rf8 26. Bc4 b5 27. cxb6 axb6 28. Bxd4 exd4 29. Rxd4 Bxd4 30. Rxd4 Be8 31. Re4 Bf7 32. Bxf7 Rxf7 33. Re6 Rf6 34. Rxf6 exf6 35. a4 1-0